Les pays contenant entre 30 % et 40 % d'orthodoxes - Statistiques

Statistiques générales
  • Ce quiz a été pris 11 fois
  • Le résultat moyen est 2 sur 2
Statistiques - réponses
Hint Réponse % Correct
35,70 % Éthiopie
82%
31,26 % Lettonie
73%
Aucun quiz correspondant
Distribution des résultats
% des personnes avec chaque résultat
Percentile par nombre de réponses
Votre historique - résultats
Vous n’avez pas pris ce quiz